Antonio Machado como intelectual (Record no. 182736)

MARC details
000 -LEADER
campo de control de longitud fija 00815nam a2200181 i 4500
001 - NÚMERO DE CONTROL
campo de control 182736
003 - IDENTIFICADOR DE NÚMERO DE CONTROL
campo de control ES-MaACL
005 - FECHA Y HORA DE LA ÚLTIMA TRANSACCIÓN
campo de control 20250702063129.0
008 - DATOS DE LONGITUD FIJA--INFORMACIÓN GENERAL
campo de control de longitud fija 131022s1980 sp |||| | spa d
100 ## - ENTRADA PRINCIPAL--NOMBRE DE PERSONA
Nombre de persona Martínez Lorca, Andrés,
Fechas asociadas al nombre 1943-
9 (RLIN) 236734
245 10 - MENCIÓN DEL TÍTULO
Título Antonio Machado como intelectual
Resto del título : evolución literaria y opción filosófica /
Mención de responsabilidad, etc. por Andrés Martínez Lorca.
260 ## - PUBLICACIÓN, DISTRIBUCIÓN, ETC.
Lugar de publicación, distribución, etc. Málaga :
Nombre del editor, distribuidor, etc. Universidad,
Fecha de publicación, distribución, etc. 1980.
300 ## - DESCRIPCIÓN FÍSICA
Extensión P. [61]-73 ;
Dimensiones 25 cm.
595 ## -
-- Separata de: Analecta malacitana: revista de la Sección de Filología de la Facultad de Filosofía y Letras, Universidad de Málaga, Vol. III, 1 (1980)
600 14 - PUNTO DE ACCESO ADICIONAL DE MATERIA--NOMBRE DE PERSONA
Nombre de persona Machado, Antonio,
Fechas asociadas al nombre 1875-1939-
Subdivisión general Crítica e interpretación
9 (RLIN) 75154
852 ## - LOCALIZACIÓN
Ubicación ES-MaACL
Número de control de estantería 2327-F-8
Nota libre . - Donat. Ernesto García Camarero
Holdings
Estatus retirado Estado de pérdida Estado de daño No para préstamo Colección Biblioteca de origen Biblioteca actual Ubicación en estantería Fecha de adquisición Fuente de adquisición Total de préstamos Signatura topográfica completa Código de barras Visto por última vez Precio de reemplazo Tipo de ítem Koha
        Colección de folletos Biblioteca del Ateneo de Madrid Biblioteca del Ateneo de Madrid Depósito folletos 22/10/2013     2327-F-8 1192049 23/02/2023 23/02/2023 Folleto